Famous Jennifers Quiz Stats

Quiz Updated Oct 19, 2016

Also try: Movie Coaches
Challenge
Share
Tweet
Embed
Score 0/17 Timer 05:00
1 Play Today
Name Answer % Correct
Former 'Friend' and star of 'Marley & Me' and 'Just Go with It'Jennifer Aniston
98.6%
Ben Affleck's former fiancée, though you may now know her from 'American Idol'Jennifer Lopez
88.4%
Ben Affleck's wife, though you may know her by another 'Alias'Jennifer Garner
88.3%
American Idol finalist and best supporting actress Oscar winner for 'Dreamgirls'Jennifer Hudson
74.8%
She's a big name in weight lossJenny Craig
71.4%
This 'Ghost Whisperer' got her big break on 'Party of Five'Jennifer Love Hewitt
67.9%
Nobody puts this actress and 'Dancing with the Stars' winner in a cornerJennifer Grey
63.9%
Former Playmate of the Year and activist promoting claims that vaccines cause autismJenny McCarthy
44.3%
She won a best supporting actress Oscar her role as Alicia Nash in 'A Beautiful Mind' Jennifer Connelly
40.1%
Name Answer % Correct
Reality television personality from MTV's 'Jersey Shore'Jenni Farley (J-Woww)
36.6%
She played Kelly Taylor on 'Beverly Hills, 90210'Jennie Garth
35.2%
Retired US tennis player, gold medal winner and former number one in the worldJennifer Capriati
29.4%
She made torn sweatshirts & legwarmers all the rage after her role in 'Flashdance'Jennifer Beals
24.8%
American film and stage actress well known for her roles in 'Single White Female' and 'Short Cuts'Jennifer Jason Leigh
23.5%
This 'Winter's Bone' actress also plays Katniss Everdeen in the 'Hunger Games'Jennifer Lawrence
20.2%
Fictional psychiatrist of Mafia boss Tony Soprano on the HBO TV series The SopranosJennifer Melfi
11.8%
She was nominated for an Oscar for her role in 'Bullets over Broadway'Jennifer Tilly
9.9%

You're not logged in!

Compare scores with friends on all Sporcle quizzes.
Sign Up with Email
OR
Log In

You Might Also Like...

Show Comments

Extras

Top Quizzes Today


Score Distribution

Your Account Isn't Verified!

In order to create a playlist on Sporcle, you need to verify the email address you used during registration. Go to your Sporcle Settings to finish the process.